| 000 | 00336cam a22001097a 4500 | ||
|---|---|---|---|
| 008 | 180718b1956 xxu||||| |||| 00| 0 eng d | ||
| 082 | _aB67037x5434 R137 | ||
| 245 |
_aDistrict manual _cby Cabinet (O & M) Secretariat, Rajasthan |
||
| 260 |
_aBikaner _bThe author _c1956 |
||
| 300 | _a398p. | ||
| 700 | _aRajasthan. Cabinet (O & M) Secretariat | ||
| 999 |
_c488742 _d488742 |
||